| 000 | 00617nam a2200253Ia 4500 | ||
|---|---|---|---|
| 999 |
_c5794 _d5794 |
||
| 003 | 0100 | ||
| 008 | 130227s9999 xx 000 0 und d | ||
| 020 | _a9781846686863 | ||
| 040 | _cARRUPELIB | ||
| 050 | _aDT450.44.H3713 2009 | ||
| 100 |
_aHatzfeld, Jean _930167 |
||
| 245 | 4 | _aThe Strategy of antelopes | |
| 245 | _bLiving in Rwanda after the Genocide | ||
| 260 |
_bSerpent's Tail _aLondon _c2009 |
||
| 300 | _a244p | ||
| 300 | _b 20cm | ||
| 650 |
_bGenocide _zAfrica _930168 |
||
| 650 |
_bRwanda _xHistory _xCivil war _xAtrocities _y 1994 _930145 |
||
| 650 |
_bRwanda _xEthnic relations _930141 |
||
| 650 |
_bRwanda _xSocial conditions _930169 |
||
| 650 |
_bHutu (African people) _x Interviews _930170 |
||
| 650 |
_bTutsi (African people) _xInterviews _930171 |
||
| 700 |
_aCoverdale, Linda (tr) _930172 |
||
| 942 |
_2lcc _cMONOGRAPH |
||